[Event "AUTO-ELITE-2563"]
[Site "http://www.queenalice.com/game.php?id=1848599"]
[Date "2024.12.11"]
[Round "1"]
[White "GUZONJA1984"]
[Black "Ahlkhanvio"]
[Result "1-0"]
[WhiteElo "2407"]
[BlackElo "2591"]

1. e4 d5 2. exd5 Qxd5 3. Nc3 Qd6 4. d4 Nf6 5. Nf3 Bg4 6. h3 Bh5 7. g4 Bg6 8. Bg2
Nbd7 9. g5 Nh5 10. Nh4 c6 11. d5 cxd5 12. Qxd5 Qxd5 13. Bxd5 Rb8 14. Be3 e6 15.
Bf3 Bc5 16. Bxc5 Nxc5 17. O-O-O Ke7 18. Rd4 Rhd8 19. Rc4 Rdc8 20. a4 a6 21. a5
Nd7 22. Rxc8 Rxc8 23. Bxb7 Rc5 24. Bxa6 Rxa5 25. Nxg6+ hxg6 26. Bb5 Ra1+ 27. Nb1
Nf4 28. b4 Ra2 29. Kd2 Ne5 30. Kc3 Ra8 31. h4 Nf3 32. Rd1 Rb8 33. Na3 e5 34.
Rd7+ Ke6 35. Ra7 Nd5+ 36. Kd3 Nxb4+ 37. Ke4 Nd2+ 38. Ke3 Rd8 39. c3 Na2 40. Rc7
e4 41. Be2 Nc1 42. Bg4+ f5 43. gxf6+ Kxf6 44. Rc6+ Ke7 45. Nc4 Rd3+ 46. Kf4 Nxc4
47. Rxc4 Rd6 48. Kxe4 1-0

[Event "AUTO-ELITE-2563"]
[Site "http://www.queenalice.com/game.php?id=1848600"]
[Date "2024.12.11"]
[Round "1"]
[White "Ahlkhanvio"]
[Black "GUZONJA1984"]
[Result "1/2-1/2"]
[WhiteElo "2595"]
[BlackElo "2398"]

1. d4 Nf6 2. Bg5 e6 3. e4 h6 4. Bxf6 Qxf6 5. c3 d5 6. Nd2 c5 7. Ngf3 cxd4 8.
exd5 exd5 9. Bb5+ Nc6 10. Nxd4 Bc5 11. Qe2+ Kf8 12. N2b3 Bb6 13. O-O g6 14. Qf3
Qd6 15. Rad1 h5 16. Qg3 Qxg3 17. hxg3 Bg4 18. Rd2 Ne7 19. Re1 Rd8 20. Be2 Nc6
21. Bf3 Kg7 22. Nc2 Be6 23. Nbd4 Kf6 24. a3 g5 25. Be2 Ne5 26. Bf1 Bd7 27. Ne3
Be6 28. Nec2 Nc6 29. Be2 Rd6 30. a4 1/2-1/2

[Event "AUTO-ELITE-2563"]
[Site "http://www.queenalice.com/game.php?id=1848601"]
[Date "2024.12.11"]
[Round "1"]
[White "GUZONJA1984"]
[Black "trompmaster"]
[Result "1-0"]
[WhiteElo "2364"]
[BlackElo "2329"]

1. e4 d6 2. d4 Nf6 3. Nc3 Nbd7 4. f4 e5 5. Nf3 exd4 6. Qxd4 c6 7. Be3 d5 8. e5
Ng4 9. Bg1 Bc5 10. Qd2 Bxg1 11. Rxg1 Qb6 12. Na4 Qe3+ 13. Qxe3 Nxe3 14. Bd3 b5
15. Nc3 b4 16. Na4 c5 17. a3 bxa3 18. Rxa3 c4 19. Kd2 cxd3 20. Kxe3 dxc2 21. Rc1
Ke7 22. Nd4 Ba6 23. Nf5+ Kf8 24. Rxc2 g6 25. Nd6 Kg7 26. Rc7 Rhd8 27. b4 Bc4 28.
Kd4 Bf1 29. Nc5 Nxc5 30. bxc5 Kg8 31. Rcxa7 Rxa7 32. Rxa7 Bxg2 33. c6 1-0

[Event "AUTO-ELITE-2563"]
[Site "http://www.queenalice.com/game.php?id=1848602"]
[Date "2024.12.11"]
[Round "1"]
[White "trompmaster"]
[Black "GUZONJA1984"]
[Result "0-1"]
[WhiteElo "2318"]
[BlackElo "2375"]

1. Nf3 d5 2. c4 d4 3. b4 c5 4. e3 Nf6 5. a3 Nc6 6. b5 Na5 7. d3 dxe3 8. fxe3 b6
9. Nc3 Bb7 10. e4 e6 11. Qc2 Bd6 12. g3 h5 13. Bg5 Qc7 14. Bxf6 gxf6 15. Bg2 Be5
16. O-O-O a6 17. Rd2 h4 18. Nxh4 axb5 19. Nxb5 Qd8 20. Nf3 Nc6 21. Kb1 Ra5 22.
Qb3 Ba6 23. a4 Bxb5 24. cxb5 Nd4 25. Nxd4 Qxd4 26. Kc1 Rxa4 27. Kd1 Ra1+ 28. Kc2
Rxh1 29. Bxh1 O-O 30. Qa2 Rc8 31. Qc4 Qa1 32. d4 Ra8 0-1

[Event "AUTO-ELITE-2570"]
[Site "http://www.queenalice.com/game.php?id=1852404"]
[Date "2025.2.18"]
[Round "1"]
[White "raulzampronha"]
[Black "GUZONJA1984"]
[Result "0-1"]
[WhiteElo "2186"]
[BlackElo "2308"]

1. d4 Nf6 2. c4 e6 3. e3 d5 4. Nf3 Be7 5. Nc3 O-O 6. Bd3 dxc4 7. Bxc4 a6 8. O-O
b5 9. Bb3 Bb7 10. Qe2 c5 11. dxc5 Nbd7 12. Rd1 Qc7 13. Bd2 Nxc5 14. Bc2 b4 15.
Na4 Nxa4 16. Bxa4 h6 17. Rac1 Qa5 18. Bb3 Qb6 0-1

[Event "AUTO-ELITE-2570"]
[Site "http://www.queenalice.com/game.php?id=1852405"]
[Date "2025.2.18"]
[Round "1"]
[White "GUZONJA1984"]
[Black "raulzampronha"]
[Result "1-0"]
[WhiteElo "2316"]
[BlackElo "2178"]

1. e4 c6 2. d4 d5 3. e5 Bf5 4. Nf3 e6 5. Be2 Nd7 6. O-O Ne7 7. c3 c5 8. dxc5
Nxc5 9. Nd4 a6 10. Be3 Rc8 11. b4 Ne4 12. f3 Nxc3 13. Nxc3 Rxc3 14. Qd2 Rc8 15.
b5 axb5 16. Bxb5+ Nc6 17. a4 1-0

[Event "AUTO-ELITE-2570"]
[Site "http://www.queenalice.com/game.php?id=1852410"]
[Date "2025.2.18"]
[Round "1"]
[White "Sexxy_Bunny"]
[Black "GUZONJA1984"]
[Result "1/2-1/2"]
[WhiteElo "2668"]
[BlackElo "2391"]

1. e4 c6 2. d4 d5 3. e5 Bf5 4. Nf3 e6 5. Be2 Nd7 6. O-O h6 7. Nbd2 Ne7 8. Nb3 g5
9. a4 Bg7 10. a5 O-O 11. c3 Rc8 12. h4 g4 13. Ne1 h5 14. f3 g3 15. Bf4 f6 16.
Bxg3 fxe5 17. dxe5 Nxe5 18. Bxe5 Bxe5 19. f4 Bb8 20. Bxh5 c5 21. Rf2 Qd6 22. g3
e5 23. fxe5 Qxe5 24. Nf3 Qd6 25. Ng5 Qxg3+ 26. Rg2 Qe3+ 27. Kh1 Kg7 28. Qe1
Qxe1+ 29. Rxe1 Kh6 30. Rxe7 Kxh5 31. Nh7 Bd6 32. Rxb7 Rce8 33. Kg1 Bc8 34. Nxf8
Bxb7 35. Nd7 Re1+ 36. Kf2 Rb1 37. Nf6+ Kh6 38. Ng8+ Kh5 39. Nf6+ Kh6 40. Ng8+
Kh5 41. Nf6+ 1/2-1/2

[Event "AUTO-ELITE-2570"]
[Site "http://www.queenalice.com/game.php?id=1852411"]
[Date "2025.2.18"]
[Round "1"]
[White "GUZONJA1984"]
[Black "Sexxy_Bunny"]
[Result "1/2-1/2"]
[WhiteElo "2394"]
[BlackElo "2674"]

1. d4 Nf6 2. Nf3 d5 3. e3 e6 4. Bd3 c5 5. b3 Nc6 6. O-O Bd6 7. dxc5 Bxc5 8. Bb2
O-O 9. a3 Qc7 10. Nbd2 e5 11. c4 dxc4 12. Bxc4 e4 13. Ng5 Ne5 14. Ngxe4 Nxe4 15.
Nxe4 Nxc4 16. bxc4 Be6 17. Qf3 Be7 18. Rfc1 Rac8 19. a4 Qc6 20. Qf4 f6 21. h3
Qc7 22. Qf3 Qd7 23. Ng3 Bd6 24. Bd4 b6 25. a5 Rxc4 26. Rxc4 Bxc4 27. axb6 axb6
28. Bxb6 Qe6 29. Nf1 Bd3 30. Rd1 Be4 31. Qg4 Bf5 32. Qf3 Be4 33. Qg4 Bf5 34. Qf3
Be4 1/2-1/2

[Event "AUTO-OPEN-4541"]
[Site "http://www.queenalice.com/game.php?id=1854704"]
[Date "2025.3.29"]
[Round "2"]
[White "GUZONJA1984"]
[Black "CCapivara"]
[Result "1-0"]
[WhiteElo "2386"]
[BlackElo "2371"]

1. e4 d6 2. d4 Nf6 3. Nc3 c6 4. f4 Qa5 5. Bd3 e5 6. Nf3 Bg4 7. Be3 Nbd7 8. h3
exf4 9. Bxf4 Bh5 10. g4 Bg6 11. Qe2 Be7 12. O-O-O O-O 13. h4 Nxg4 14. h5 b5 15.
hxg6 fxg6 16. Bd2 b4 17. Bc4+ Kh8 18. Nb1 h5 19. Rdg1 d5 20. exd5 cxd5 21. Bd3
1-0

[Event "AUTO-OPEN-4541"]
[Site "http://www.queenalice.com/game.php?id=1854705"]
[Date "2025.3.29"]
[Round "2"]
[White "CCapivara"]
[Black "GUZONJA1984"]
[Result "0-1"]
[WhiteElo "2300"]
[BlackElo "2399"]

1. e4 c5 2. Nf3 d6 3. d4 cxd4 4. Nxd4 Nf6 5. Nc3 a6 6. Be2 e5 7. Nb3 Be7 8. Be3
Be6 9. O-O O-O 10. Qd2 Nbd7 11. Rad1 Rc8 12. Bg5 b5 13. Bxf6 Nxf6 14. f3 Qc7 15.
Kh1 Rfd8 16. Bd3 g6 17. h3 b4 18. Ne2 d5 19. exd5 Nxd5 20. Ng3 a5 21. Qh6 Bf8
22. Qd2 a4 23. Nc1 f5 24. Rfe1 a3 25. bxa3 Nc3 26. axb4 e4 27. fxe4 Nxd1 28.
Rxd1 Qxg3 29. exf5 Bd6 30. Kg1 Rf8 31. fxe6 Qh2# 0-1

[Event "AUTO-OPEN-4541"]
[Site "http://www.queenalice.com/game.php?id=1854706"]
[Date "2025.3.29"]
[Round "2"]
[White "GUZONJA1984"]
[Black "Rafale2000"]
[Result "1-0"]
[WhiteElo "2335"]
[BlackElo "2019"]

1. e4 Nf6 2. e5 Nd5 3. c4 Nb6 4. d4 d6 5. f4 dxe5 6. fxe5 Nc6 7. Be3 Bf5 8. Nc3
e6 9. Nf3 Qd7 10. Be2 O-O-O 11. O-O Be7 12. d5 exd5 13. Bxb6 cxb6 14. cxd5 Bc5+
15. Kh1 Nb4 16. Nd4 Bg6 17. Bg4 1-0

[Event "AUTO-OPEN-4541"]
[Site "http://www.queenalice.com/game.php?id=1854707"]
[Date "2025.3.29"]
[Round "2"]
[White "Rafale2000"]
[Black "GUZONJA1984"]
[Result "0-1"]
[WhiteElo "2016"]
[BlackElo "2338"]

1. e4 c5 2. c3 Nf6 3. e5 Nd5 4. Bc4 Nb6 5. Bb3 c4 6. Bc2 d6 7. exd6 Qxd6 8. d4
cxd3 9. Qxd3 Qxd3 10. Bxd3 Nc6 11. Nf3 e5 12. O-O f6 13. Re1 Be6 14. Bb5 Kf7 15.
Be3 Nd5 16. Bd2 Be7 17. a4 Na5 18. Na3 Rac8 19. c4 Nb4 20. Bxb4 Bxb4 21. Red1
Nb3 22. Rab1 Bxa3 23. bxa3 Nc5 24. Rd6 Ke7 25. Rdd1 a6 0-1